000
00235nam a22000857a 4500
008
160706b xxu||||| |||| 00| 0 eng d
100
_9
2327
_a
Nelkon, N., et al
245
_a
Advanced Level Physics
260
_a
New Delhi
_b
Gulab Vazirani
_c
1987
999
_c
2006
_d
2006